00354nam a2200133Ia 4500008004100000041000800041082001500049100002300064245004500087250000700132260004200139300003000181365000900211240624s9999 xx 000 0 und d aeng a658.15 RAC aRACHEV SVETLOZAR T aFINANCIAL MODELS WITH LEVY PROCESSES AND a11 c2011aNew JerseybJohn Wiley and Sons axx, : 394 : p. : cm. ; 23 cb27